00385nam a2200097Ia 4500008004100000020001800041100002200059245015800081260003400239300001400273180116s9999 xx 000 0 und d a9781118543566 aEdwards, Sarah E. cSarah E. Edwards, Ines da Costa Rocha, Elizabeth M. Williamson, Michael HeinrichaPhytopharmacy :ban evidence-based guide to herbal medicinal products / bJohn Wiley & Sons, Ltd.c2015 a403 pages